000 00350 a2200145 4500
999 _c8626
_d8626
020 _a079741186
050 _aPL 8681 MOY 1992
100 _aMoyo A. C
_eauthor
245 _aNdabva zera
_cA. C Moyo
264 _aHarare:
_bMercury press,
_c1992.
300 _a176p.;
500 _ashona novel
650 _aShona novel
942 _2lcc
_cBK
_h8681
_iMOY
_kPL